| 000 | 00951aaa a2200229 a 4500 | ||
|---|---|---|---|
| 001 | 78680 | ||
| 003 | BD-RjUL | ||
| 005 | 20211209083148.0 | ||
| 008 | 211101s1939 uk ||||| |||| 00| 0 ara d | ||
| 035 | _a(BD-RjUL)78906 | ||
| 040 |
_aBD-RjUL _beng _cBD-RjUL |
||
| 041 | _aeng/ara | ||
| 082 |
_223 _a892.71 _bMUT 1939 |
||
| 100 |
_aعبدالله ابن المعتز = A. Eghbal _9249521 |
||
| 245 |
_aThe Tabaqat al-Shu'ara' al-Muhdathin of ibn al -Muhthin of Ibn al-Mutazz = كتاب طبقات الشعراء في مدح الخلفاء والوزراء عبدالله ابن المعتز _cعبدالله ابن المعتز ; عباس اقبال= Abdullah Ibn Al- Mutazz; by A Eghbal |
||
| 260 |
_aLondon : _bCambridge University , _c1939 |
||
| 650 |
_aArabic Poetry _9249522 |
||
| 700 |
_aEghbal, A =اقبال, عباس _9249526 |
||
| 830 |
_aE.J.W. Gibb memorial' ; Series _9249527 |
||
| 830 |
_aNew Series; _vXiii _9249528 |
||
| 942 |
_2ddc _cBK |
||
| 999 |
_c78680 _d78680 |
||